000 00775nam a2200265 a 4500
001 vtls001541614
003 NLI
005 20210627150554.0
008 121212s1918 enka 000 0 eng
039 9 _y201212121724
_zVLOAD
040 0 _aNLI
_beng
_cXData_1
_eAACR2
041 0 _aeng
044 _aenk
082 _a179
100 1 _aWoodroffe, John,
_cSir,
_d1865-1936
_9795776
245 1 0 _aShakti and Shakta :
_bessays and addresses on the Shakta tantrashastra /
_cby John Woodroffe
260 _aLondon :
_bLuzac,
_c1918
300 _ax, 191 p. :
_bill. ;
_c24 cm.
650 0 _aShaktism
_9692435
887 _a
901 _aIMP138605 :
_b25.10.2011
902 _a179 E 513
949 _AVIRTUAITEM
_D10000
_X100
_6IMP000138605ENG
942 _2ddc
_cBKS
999 _aVIRTUA40
_c991069
_d991069